Estadísticas para Paises con la media del pene mas grande

Haz click aquí para intentar la prueba.

Estadísticas generales

  • Esta prueba ha sido intentada 77 veces
  • La puntuación promedio es 5 de 11

Estadísticas de respuestas

Respuesta% Correcto
Ecuador
62%
Camerun
61%
Senegal
58%
Sudan
46%
Zambia
42%
Francia
41%
Gambia
39%
Haiti
35%
Cuba
32%
Bolivia
31%
Paises Bajos
17%

Distribución de puntuación

Porcentaje por número respondido

Porcentaje de gente con cada puntuación

Historial de tus puntuaciones

No has intentado esta prueba.